Open Data Biblioteca Nacional de Portugal


República Portuguesa: Ministério da Cultura
Biblioteca Nacional de Portugal

Catálogo da BNP: acesso por Identificadores Unívocos
Registos Bibliográficos associados ao registo de autoridade

Etiqueta de registo: 00254nam 2200025 450
001 2284171
003 http://id.bnportugal.gov.pt/bib/catbnp/2284171
100 ## $a20260413d2025 k y0pory01030103ba
101 0# $aeng$dpor
102 ## $aPT
105 ## $aa m 000yy
106 ## $ar
200 1# $aEvolutionary and ecological insights into desmans with a focus on the threatened Iberian desman (Galemys pyrenaicus)$fSara Raquel Nunes da Silva Sampaio$gsupervisor Paulo C. Alves, Jeremy B. Searle, Joana Paupério
210 #9 $aPorto$c[s.n.],$d2025
215 ## $aXXV, 368 p.$cil.$d30 cm
300 ## $aAcesso não autorizado pelo autor por um período de 2 anos
328 #1 $aTese dout. Biodiversity, Genetics and Evolution, Faculdade de Ciências da Universidade do Porto, Faculdade de Ciências da Universidade de Lisboa, 2025
700 #1 $aSampaio,$bSara Raquel Nunes da Silva$31995441
702 #1 $aAlves,$bPaulo Célio$4727$3179838
702 #1 $aSearle,$bJeremy Byron$4727$31510535
702 #1 $aPaupério,$bJoana Maria Jorge Pereira de Castro$4727$31191051
801 #0 $aPT$bBN$gRPC
966 ## $lBN$mFGMON$x1
971 ## $cabrito$d20260413

OpendataBNP@bnportugal.pt | Mais informação sobre acesso aos dados BNP